LEADER 03574nam 2200673 a 450 001 9910457467003321 005 20200520144314.0 010 $a0-8078-7356-X 035 $a(CKB)2550000000083095 035 $a(EBL)837888 035 $a(OCoLC)773565315 035 $a(SSID)ssj0000741798 035 $a(PQKBManifestationID)12327273 035 $a(PQKBTitleCode)TC0000741798 035 $a(PQKBWorkID)10743239 035 $a(PQKB)10649431 035 $a(SSID)ssj0000593007 035 $a(PQKBManifestationID)11357945 035 $a(PQKBTitleCode)TC0000593007 035 $a(PQKBWorkID)10736808 035 $a(PQKB)11049577 035 $a(MiAaPQ)EBC837888 035 $a(Au-PeEL)EBL837888 035 $a(CaPaEBR)ebr10528251 035 $a(CaONFJC)MIL930240 035 $a(EXLCZ)992550000000083095 100 $a19991116d2000 ub 0 101 0 $aeng 135 $aur|n|---||||| 181 $ctxt 182 $cc 183 $acr 200 04$aThe Richmond campaign of 1862$b[electronic resource] $ethe Peninsula and the Seven Days /$fedited by Gary W. Gallagher 210 $aChapel Hill $cUniversity of North Carolina Press$dc2000 215 $a1 online resource (289 p.) 225 1 $aMilitary campaigns of the Civil War 300 $aDescription based upon print version of record. 311 $a0-8078-5919-2 311 $a0-8078-2552-2 320 $aIncludes bibliographical references (p. [251]-255) and index. 327 $aCover; Contents; Introduction; A Civil War Watershed: The 1862 Richmond Campaign in Perspective; The Seven Days of George Brinton McClellan; I Only Wait for the River: McClellan and His Engineers on the Chickahominy; Sleepless in the Saddle: Stonewall Jackson in the Seven Days; The Great Paragon of Virtue and Sobriety: John Bankhead Magruder and the Seven Days; A Feeling of Restless Anxiety: Loyalty and Race in the Peninsula Campaign and Beyond; The Seven Days and the Radical Persuasion: Convincing Moderates in the North of the Need for a Hard War 327 $aThe Men Who Carried This PositionWere Soldiers Indeed: The Decisive Charge of Whiting's Division at Gaines's MillOne Solid Unbroken Roar of Thunder: Union and Confederate Artillery at the Battle of Malvern Hill; Bibliographic Essay; Contributors; Index; A; B; C; D; E; F; G; H; I; J; K; L; M; N; O; P; Q; R; S; T; U; V; W; Y 330 $aThe Richmond campaign of April-July 1862 ranks as one of the most important military operations of the first years of the American Civil War. Key political, diplomatic, social, and military issues were at stake as Robert E. Lee and George B. McClellan faced off on the peninsula between the York and James Rivers. The climactic clash came on June 26-July 1 in what became known as the Seven Days battles, when Lee, newly appointed as commander of the Confederate forces, aggressively attacked the Union army. Casualties for the entire campaign exceeded 50,000, more than 35,000 of whom fell during th 410 0$aMilitary campaigns of the Civil War. 606 $aPeninsular Campaign, 1862 606 $aSeven Days' Battles, Va., 1862 607 $aRichmond (Va.)$xHistory$yCivil War, 1861-1865 608 $aElectronic books. 615 0$aPeninsular Campaign, 1862. 615 0$aSeven Days' Battles, Va., 1862. 676 $a973.7/32 701 $aGallagher$b Gary W$0874673 801 0$bMiAaPQ 801 1$bMiAaPQ 801 2$bMiAaPQ 906 $aBOOK 912 $a9910457467003321 996 $aThe Richmond campaign of 1862$92258559 997 $aUNINA LEADER 02942nam 2200661 a 450 001 9910790320403321 005 20200520144314.0 010 $a1-282-25426-X 010 $a9786613814913 010 $a0-85745-491-9 024 7 $a10.1515/9780857454911 035 $a(CKB)2670000000230731 035 $a(EBL)982092 035 $a(OCoLC)804662551 035 $a(SSID)ssj0000695857 035 $a(PQKBManifestationID)12289600 035 $a(PQKBTitleCode)TC0000695857 035 $a(PQKBWorkID)10677884 035 $a(PQKB)10618956 035 $a(MiAaPQ)EBC982092 035 $a(Au-PeEL)EBL982092 035 $a(CaPaEBR)ebr10583749 035 $a(CaONFJC)MIL381491 035 $a(DE-B1597)637089 035 $a(DE-B1597)9780857454911 035 $a(EXLCZ)992670000000230731 100 $a20120213d2012 uy 0 101 0 $aeng 135 $aur|n|---||||| 181 $ctxt 182 $cc 183 $acr 200 10$aIslam and assisted reproductive technologies$b[electronic resource] $eSunni and Shia perspectives /$fedited by Marcia C. Inhorn and Soraya Tremayne 210 $aNew York $cBerghahn Books$d2012 215 $a1 online resource (354 p.) 225 1 $aFertility, reproduction, and sexuality ;$vv. 23 300 $aDescription based upon print version of record. 311 $a0-85745-490-0 320 $aIncludes bibliographical references and index. 327 $apt. 1. Islamic legal thought and arts : marriage, morality, and clinical conundrums -- pt. 2. From sperm donation to stem cells : the Iranian ART revolution -- pt. 3. Islamic biopolitics and the "modern" nation-state : comparative case studies of ART. 330 $aHow and to what extent have Islamic legal scholars and Middle Eastern lawmakers, as well as Middle Eastern Muslim physicians and patients, grappled with the complex bioethical, legal, and social issues that are raised in the process of attempting to conceive life in the face of infertility? This path-breaking volume explores the influence of Islamic attitudes on Assisted Reproductive Technologies (ARTs) and reveals the variations in both the Islamic jurisprudence and the cultural responses to ARTs. 410 0$aFertility, reproduction, and sexuality ;$vv. 23. 606 $aHuman reproductive technology$zIslamic countries$vCongresses 606 $aFertility, Human$zIslamic countries$vCongresses 606 $aHuman reproduction$xReligious aspects$xIslam$vCongresses 615 0$aHuman reproductive technology 615 0$aFertility, Human 615 0$aHuman reproduction$xReligious aspects$xIslam 676 $a618.1/7806 701 $aInhorn$b Marcia Claire$f1957-$0979225 701 $aTremayne$b Soraya$0882165 801 0$bMiAaPQ 801 1$bMiAaPQ 801 2$bMiAaPQ 906 $aBOOK 912 $a9910790320403321 996 $aIslam and assisted reproductive technologies$93674845 997 $aUNINA